The Pentecostals: (Record no. 14156)

000 -LEADER
fixed length control field 00818nam a2200217 a 4500
001 - CONTROL NUMBER
control field :::00011980$&:&@@
003 - CONTROL NUMBER IDENTIFIER
control field OkBaRHE
005 - DATE AND TIME OF LATEST TRANSACTION
control field 20000607103414.0
008 - FIXED-LENGTH DATA ELEMENTS--GENERAL INFORMATION
fixed length control field s1972 j 000 0 eng u
020 ## - INTERNATIONAL STANDARD BOOK NUMBER
International Standard Book Number 080661210X
040 ## - CATALOGING SOURCE
Transcribing agency
100 1# - MAIN ENTRY--PERSONAL NAME
Personal name Hollenweger, Walter J., 1927-
245 14 - TITLE STATEMENT
Title The Pentecostals:
Remainder of title the charismatic movement in the churches.
Statement of responsibility, etc Translated by R. A. Wilson with revisions by the author.
250 ## - EDITION STATEMENT
Edition statement 1st U.S. ed.
260 ## - PUBLICATION, DISTRIBUTION, ETC. (IMPRINT)
Place of publication, distribution, etc Minneapolis, MN., :
Name of publisher, distributor, etc Augsburg Publishing House
Date of publication, distribution, etc 1972
300 ## - PHYSICAL DESCRIPTION
Extent xx, 572 p. : illus. ;
Dimensions 25 cm.
650 ## - SUBJECT ADDED ENTRY--TOPICAL TERM
Topical term or geographic name as entry element Pentecostalism
730 ## - ADDED ENTRY--UNIFORM TITLE
Uniform title Enthusiastisches Christentum. English
942 ## - ADDED ENTRY ELEMENTS (KOHA)
Source of classification or shelving scheme
Koha item type Books
Copies
Current Location Date acquired Barcode Withdrawn status Damaged status Koha item type Shelving location Not for loan Permanent Location Lost status Date checked out Total Checkouts Date last seen Copy number Full call number Source of classification or shelving scheme Price effective from
RHEMA Bible Training College2010-04-1411980  BooksGeneral Stacks RHEMA Bible Training College 2012-02-0122012-02-071BX 8763 .H613 2010-04-14